| 000 | 01463nam a22002777a 4500 | ||
|---|---|---|---|
| 005 | 20230703095510.0 | ||
| 008 | 230701b ||||| |||| 00| 0 eng d | ||
| 040 | _cAL | ||
| 041 | _aKonkani | ||
| 082 |
_223 _a891.464 _bMANI |
||
| 100 |
_dMangaluru Diocese: ಮಂಗಳೂರು ಡಯಾಸಿಸ್ _9125232 |
||
| 245 | _aIgarji Mathechi Vividh Magnim: ಇಗರ್ಜಿ ಮಾತೆಚಿ ವಿವಿಧ್ ಮಾಗ್ಣಿಂ | ||
| 260 |
_aManglaore _bMangalore Diocese _c1948 |
||
| 300 |
_a200p. _bPB _c16x10cm. |
||
| 650 |
_aDukhi Saibeen: ದುಕಿ ಸಾಯ್ಬಿಣ್ _9125233 |
||
| 650 |
_aKONKANI CATHOLIC PRAYERS _9125257 |
||
| 650 |
_aSomiyachen Magnem: ಸೊಮಿಯಾಚೆಂ ಮಾಗ್ಣಿಂ _9125234 |
||
| 650 |
_aAmkam Mel Fankth Jayi: ಆಮ್ಕಾಂ ಮೇಲ್ ಫ್ಯಾಂಕ್ತ್ ಜಾಯಿ _9125235 |
||
| 650 |
_aKarejmantlim Misam: ಕರೆಜ್ಮಾಂತ್ಲಿ ಮಿಸಾಂ _9125236 |
||
| 650 |
_aPapa Nivarane: ಪಾಪ ನಿವಾರಣೆ _9125237 |
||
| 650 |
_aOmme Nanobba Lingayita: ಒಮ್ಮೆ ನಾನೊಬ್ಬ ಲಿಂಗಾಯಿತ _9125238 |
||
| 650 |
_aArchashishta Agnisammalu: ಅರ್ಚಶಿಷ್ಟ ಅಗ್ನಿಸಮ್ಮಳು _9125239 |
||
| 650 |
_aJeevitachen Panchang: ಜಿವಿತಾಚೆಂ ಪಂಚಾಂಗ್ _9125240 |
||
| 700 |
_aMANGALORE DIOCESE: ಮಂಗಳೂರು ಡಯಾಸಿಸ್ _9125241 |
||
| 942 |
_2ddc _cDB |
||
| 999 |
_c227725 _d227725 |
||